Регионална библиотека "Любен Каравелов" - Русе

Договор за мир с България (Запис номер 406865)

MARC детайли
000 -Лидер
Контролно поле с фиксирана дължина nam a22 a 4500
003 - Код на организацията, давaща контролен номер
Контролно поле BLK
005 - Дата и час на последна редакция
Контролно поле 20210411133817.0
008 - Елементи от данни с фиксирана дължина
fixed length control field 210408b bu |||||r|||| 00| | bu d
040 ## - Източник на каталожния запис
Идентификатор на билиотеката - собственик на записа BLK
041 ## - Код за език
Код за езика на текст/звукозапис или на отделно заглавие Български
Код за езика КДБФ Български
080 ## - УДК
Текстов определител УДК Международни съглашения. Международни договори и авторско право. Видове и форми, сключване и ратификация, изпълнение на договори и др.
УДК код - определител по УДК 341.24
УДК - код + определител 341.24
139 ## - Редно поле
Редна дума Договор за мир с България
245 ## - Сведения за заглавието
Заглавие Договор за мир с България
246 ## - Различни форми на заглавието
Паралелно заглавие Мирный договор с Болгарией
246 ## - Различни форми на заглавието
Паралелно заглавие Treaty of peace mith Bulgaria
246 ## - Различни форми на заглавието
Паралелно заглавие Treaite de peaix avec la Bulgarie
260 ## - Област на издателските данни
9 (RLIN) 210967
Място на издаване, разпространение и проч. София
Име на издателя, разпространителя и проч. МВР
Година на издаване 1947
300 ## - Физическа характеристика
Страници 128 с.
Размери/Мащаб 24 см
380 ## - Жанр
Жанр Обществени науки
500 ## - Общи забележки
Забележка Загл. и на рус. и англ. ез<br/>2 000 тир.
650 #7 - Допълнително описание по предмет – тема
9 (RLIN) 161768
Основно описание – тема или топоним Международни договори и съглашения - България с другите страни
653 #7 - Ключова дума – ненормативна
9 (RLIN) 191116
Ключова дума мирни договори
653 #7 - Ключова дума – ненормативна
9 (RLIN) 191110
Ключова дума мир
852 ## - Местоположение
Форматна сигнатура Цб 3.245.22595
Фондова буква Хранилище
999 ## - СИСТЕМНИ КОНТРОЛНИ НОМЕРА
Koha biblionumber 406865
Koha biblioitemnumber 406865
942 ## - АРТИКУЛИ
Вид на библиотечния материал Книги
Скрит в OPAC Не
Периодичен библиозапис Да
944 ## - СЪЗДАВАНЕ И РЕДАКЦИЯ на ЗАПИСА
Създаване/Редакция Създаване
Дата на регистрацията/редакция 2021-04-08
Служител, извършил регистрацията/редакцията А.М.
999 ## - СИСТЕМНИ КОНТРОЛНИ НОМЕРА
Koha biblioitemnumber 406865
Наличности
Код за отписване Код за изгубен артикул Източник на класификационната схема Код за повреда Коз за рестрикции Код за отдаване Артикулен № Име на библиотеката - собственик Име на библиотеката, в която се намира в момента Статус (Текущо местоположение) Дата на вписване в системата Местоположение - отдел Цена в лева Инвентарен номер Систематично азбучна сигнатура Баркод Цена в евро Служебен тип на артикула
  Не е изгубен Universal Decimal Classification Не е повреден само за читалня ползва се в читалня 823386 Регионална библиотека "Любен Каравелов" Русе Регионална библиотека "Любен Каравелов" Русе Хранилище 2021-04-14 Основен фонд - ползва се само за читалня 0.24 22595 Цб 3.245.22595 900000040075 0.12 Книги
Vip Innovations Ltd, Rousse, Bulgaria 2025